000
00323nam a2200121Ia 4500
008
180309s9999 xx 000 0 und d
020
_a
9781455573752
100
_a
DeMille, Nelson
245
4
_a
The panther /
260
_a
New York :
_b
2012
_c
Strand magazine
300
_a
786 pages
650
_a
Terrorism Prevention Fiction
999
_c
356146
_d
356146